[Event "Hastings Masters"]
[Site "Hastings"]
[Date "2023.12.31"]
[Round "4.2"]
[White "Laurent-Paoli, Pierre"]
[Black "Royal, Shreyas"]
[Result "1/2-1/2"]
[WhiteElo "2524"]
[BlackElo "2438"]
[PlyCount "94"]
[EventDate "2023.12.28"]
[EventType "swiss"]
[EventRounds "9"]
[EventCountry "ENG"]
[SourceTitle "BritBase"]
[Source "John Saunders"]
[SourceDate "2024.01.08"]
[SourceVersion "1"]
[SourceVersionDate "2024.01.08"]
[SourceQuality "1"]

1. e4 e5 2. Nf3 Nc6 3. Bb5 a6 4. Ba4 Nf6 5. O-O b5 6. Bb3 Bc5 7. a4 Rb8 8. c3
d6 9. d4 Bb6 10. a5 Ba7 11. h3 Bb7 12. Be3 Nxe4 13. Re1 exd4 14. Bg5 Ne7 15.
Nbd2 d5 16. Nxe4 dxe4 17. Nxd4 Qd6 18. Be3 Ra8 19. Qh5 O-O 20. Rad1 Qf6 21. Qg4
Rfe8 22. Qd7 Rac8 23. Qg4 c5 24. Bg5 Qg6 25. Nxb5 axb5 26. Rd7 h5 27. Qh4 c4
28. Rxb7 Nf5 29. Qf4 Bb8 30. Rxb8 Rxb8 31. Bc2 f6 32. Bh4 Nxh4 33. Qxh4 f5 34.
Rd1 Qh6 35. Rd5 Qc1+ 36. Bd1 Rf8 37. Kh2 Rf6 38. Bxh5 g5 39. Qg3 Qf4 40. Be2
Kf7 41. Rxb5 Rc8 42. a6 Rxa6 43. Qxf4 gxf4 44. Rxf5+ Rf6 45. Re5 f3 46. gxf3
exf3 47. Bf1 Rb6 1/2-1/2

[Event "Hastings Masters"]
[Site "Hastings"]
[Date "2023.12.31"]
[Round "4.3"]
[White "Gupta, Abhijeet"]
[Black "Cherniaev, Alexander"]
[Result "1/2-1/2"]
[WhiteElo "2596"]
[BlackElo "2381"]
[PlyCount "194"]
[EventDate "2023.12.28"]
[EventType "swiss"]
[EventRounds "9"]
[EventCountry "ENG"]
[SourceTitle "BritBase"]
[Source "John Saunders"]
[SourceDate "2024.01.08"]
[SourceVersion "1"]
[SourceVersionDate "2024.01.08"]
[SourceQuality "1"]

1. d4 d5 2. c4 e6 3. Nf3 Nf6 4. g3 Bb4+ 5. Nbd2 O-O 6. Bg2 b6 7. O-O Bb7 8. b3
a5 9. Bb2 a4 10. a3 Bxd2 11. Nxd2 axb3 12. Rc1 Nc6 13. Qxb3 Na5 14. Qc2 c6 15.
Rfe1 Ba6 16. cxd5 cxd5 17. Bc3 Re8 18. e4 Nc4 19. e5 Nd7 20. Nxc4 Bxc4 21. Bb4
Qg5 22. h4 Qg6 23. Qd1 b5 24. Rc3 f6 25. h5 Qf7 26. f4 Kh8 27. Rce3 f5 28. g4
fxg4 29. Qxg4 g6 30. hxg6 Qxg6 31. Qxg6 hxg6 32. Kf2 Kg7 33. Rg3 Kf7 34. Rg1
Rh8 35. Ke3 Rag8 36. Bh3 Bb3 37. Bg4 Bc2 38. Be2 Nb6 39. Rc1 Rc8 40. Bc5 Bf5
41. Bxb5 Rh2 42. a4 Ra2 43. Rgg1 Rh8 44. Rh1 Rxh1 45. Rxh1 Nc4+ 46. Bxc4 dxc4
47. Rh7+ Kg8 48. Rc7 c3 49. Bb4 c2 50. a5 Ra1 51. Bd2 Ra3+ 52. Ke2 Bd3+ 53. Kf2
Be4 54. d5 Bxd5 55. Rxc2 Kf7 56. Rc7+ Ke8 57. Ke2 Kd8 58. Rg7 Be4 59. Bb4 Ra4
60. Bc5 Kc8 61. Bb6 Ra3 62. Kd2 Kb8 63. Rd7 Bf5 64. Re7 Kc8 65. Ke2 Kb8 66. Rc7
Be4 67. Kd2 Bf5 68. Re7 Kc8 69. Ke2 Kb8 70. Kf2 Kc8 71. Bc7 Bg4 72. Bd6 Rxa5
73. Kg3 Bf5 74. Kh4 Rb5 75. Rc7+ Kd8 76. Kg5 Rb1 77. Kf6 Rf1 78. Rc4 Kd7 79.
Bb4 Rf3 80. Ba5 Ra3 81. Rc5 Ra4 82. Kf7 Ra2 83. Bb6 Ra6 84. Rc7+ Kd8 85. Rc6+
Kd7 86. Rd6+ Kc8 87. Ke7 Kb7 88. Bd4 Rc6 89. Bf2 Rc7+ 90. Kf6 Rc6 91. Be1 Rc4
92. Bd2 Rc6 93. Rd4 Kb6 94. Ke7 Rc7+ 95. Kd8 Rh7 96. Bb4 Kc6 97. Rd6+ Kb5
1/2-1/2

[Event "Hastings Masters"]
[Site "Hastings"]
[Date "2023.12.31"]
[Round "4.4"]
[White "Boyer, Mahel"]
[Black "Lagarde, Maxime"]
[Result "1/2-1/2"]
[WhiteElo "2427"]
[BlackElo "2640"]
[PlyCount "36"]
[EventDate "2023.12.28"]
[EventType "swiss"]
[EventRounds "9"]
[EventCountry "ENG"]
[SourceTitle "BritBase"]
[Source "John Saunders"]
[SourceDate "2024.01.08"]
[SourceVersion "1"]
[SourceVersionDate "2024.01.08"]
[SourceQuality "1"]

1. Nf3 Nf6 2. c4 g6 3. d4 Bg7 4. Nc3 d5 5. e3 O-O 6. cxd5 Nxd5 7. Bc4 Nb6 8.
Bb3 c5 9. O-O cxd4 10. exd4 Bg4 11. d5 N8d7 12. h3 Bxf3 13. Qxf3 a5 14. a3 Nc5
15. Ba2 Qd7 16. Re1 Rfe8 17. Bg5 h6 18. Bh4 Nc8 1/2-1/2

[Event "Hastings Masters"]
[Site "Hastings"]
[Date "2023.12.31"]
[Round "4.5"]
[White "Ghasi, Ameet K"]
[Black "Arkell, Keith C"]
[Result "1/2-1/2"]
[WhiteElo "2509"]
[BlackElo "2371"]
[PlyCount "45"]
[EventDate "2023.12.28"]
[EventType "swiss"]
[EventRounds "9"]
[EventCountry "ENG"]
[SourceTitle "BritBase"]
[Source "John Saunders"]
[SourceDate "2024.01.08"]
[SourceVersion "1"]
[SourceVersionDate "2024.01.08"]
[SourceQuality "1"]

1. Nf3 Nf6 2. g3 d5 3. Bg2 Bg4 4. c4 c6 5. Ne5 Bf5 6. cxd5 cxd5 7. Nc3 Nc6 8.
Qa4 Bd7 9. Nxd7 Qxd7 10. b4 e6 11. b5 Ne5 12. O-O Be7 13. d3 O-O 14. Bb2 Ng6
15. Qb3 a6 16. Rac1 Rfd8 17. a4 h5 18. h4 Ng4 19. d4 f5 20. Bf3 Nh8 21. e3 Nf7
22. Ne2 g5 23. b6 1/2-1/2

[Event "Hastings Masters"]
[Site "Hastings"]
[Date "2023.12.31"]
[Round "4.7"]
[White "Gasanov, Eldar"]
[Black "Gormally, Daniel W"]
[Result "1-0"]
[WhiteElo "2487"]
[BlackElo "2442"]
[PlyCount "31"]
[EventDate "2023.12.28"]
[EventType "swiss"]
[EventRounds "9"]
[EventCountry "ENG"]
[SourceTitle "BritBase"]
[Source "John Saunders"]
[SourceDate "2024.01.08"]
[SourceVersion "1"]
[SourceVersionDate "2024.01.08"]
[SourceQuality "1"]

1. d4 Nf6 2. c4 g6 3. d5 c6 4. Nc3 b5 5. cxb5 cxd5 6. Nxd5 Bg7 7. Nxf6+ Bxf6 8.
Qd5 O-O 9. Qxa8 Qa5+ 10. Bd2 Qxb5 11. Qe4 Nc6 12. e3 Qxb2 13. Rb1 Qxa2 14. Bc4
Qa3 15. Nf3 e6 16. Qd3 1-0

[Event "Hastings Masters"]
[Site "Hastings"]
[Date "2023.12.31"]
[Round "4.9"]
[White "Jacobson, Brandon"]
[Black "Sarkar, Justin"]
[Result "1-0"]
[WhiteElo "2538"]
[BlackElo "2272"]
[PlyCount "117"]
[EventDate "2023.12.28"]
[EventType "swiss"]
[EventRounds "9"]
[EventCountry "ENG"]
[SourceTitle "BritBase"]
[Source "John Saunders"]
[SourceDate "2024.01.08"]
[SourceVersion "1"]
[SourceVersionDate "2024.01.08"]
[SourceQuality "1"]

1. d4 Nf6 2. c4 e6 3. Nc3 Bb4 4. e3 d6 5. Bd3 c5 6. Nge2 Nc6 7. O-O O-O 8. a3
Ba5 9. Bd2 a6 10. Qc2 Bb6 11. dxc5 dxc5 12. f4 e5 13. Ne4 Nxe4 14. Bxe4 f5 15.
Bd5+ Kh8 16. Bc3 Nd4 17. Qd1 Nxe2+ 18. Qxe2 exf4 19. exf4 Ba5 20. Bxa5 Qxa5 21.
Qe7 Qd8 22. Rfe1 Qxe7 23. Re2 Qe6 24. Rxe6 Rb8 25. Re7 b6 26. Rae1 b5 27. Rc7
bxc4 28. Ree7 Rd8 29. Bxc4 Rxb2 30. h4 Rc2 31. Rxc5 h6 32. Rec7 Rd1+ 33. Kh2
Bd7 34. Bxa6 Rxc5 35. Rxc5 Ra1 36. Rc3 Kg8 37. Kg3 Kf8 38. Kf3 Ke7 39. Ke3 Re1+
40. Kd2 Rg1 41. Bb7 Rb1 42. Bf3 Rb2+ 43. Ke3 Kf6 44. Rc7 Be8 45. Ra7 Rb6 46.
Kd4 g5 47. fxg5+ hxg5 48. h5 Bf7 49. h6 Rd6+ 50. Kc5 Rd8 51. Ra6+ Be6 52. h7
Rc8+ 53. Kd4 Rd8+ 54. Kc3 Rc8+ 55. Kd4 Rd8+ 56. Kc3 Rc8+ 57. Kd2 Rd8+ 58. Ke3
g4 59. Bd5 1-0

[Event "Hastings Masters"]
[Site "Hastings"]
[Date "2023.12.31"]
[Round "4.10"]
[White "Boswell, Jacob Connor"]
[Black "Edouard, Romain"]
[Result "1/2-1/2"]
[WhiteElo "2235"]
[BlackElo "2527"]
[PlyCount "74"]
[EventDate "2023.12.28"]
[EventType "swiss"]
[EventRounds "9"]
[EventCountry "ENG"]
[SourceTitle "BritBase"]
[Source "John Saunders"]
[SourceDate "2024.01.08"]
[SourceVersion "1"]
[SourceVersionDate "2024.01.08"]
[SourceQuality "1"]

1. d4 Nf6 2. c4 e6 3. Nf3 b6 4. g3 Bb7 5. Bg2 Be7 6. O-O O-O 7. Nc3 Ne4 8. Re1
Nxc3 9. bxc3 f5 10. Bf1 Bf6 11. Bb2 d6 12. Nd2 e5 13. e4 f4 14. Bh3 Bc8 15.
Bxc8 Qxc8 16. gxf4 Qh3 17. f5 g6 18. Re3 Qh6 19. Qg4 Nc6 20. Nb3 Ne7 21. Rh3
Qg7 22. fxg6 Nxg6 23. Kh1 Be7 24. Rf1 Rf4 25. Qe6+ Kh8 26. Bc1 Rg8 27. Rg3 Rxe4
28. Be3 Bh4 29. Rgg1 Qf8 30. Nd2 Rf4 31. Bxf4 Qxf4 32. Rg4 Qxd2 33. Rxh4 Nxh4
34. Qf6+ Rg7 35. Qf8+ Rg8 36. Qf6+ Rg7 37. Qf8+ Rg8 1/2-1/2

[Event "Hastings Masters"]
[Site "Hastings"]
[Date "2023.12.31"]
[Round "4.11"]
[White "Villiers, Thomas"]
[Black "Mikhalevski, Victor"]
[Result "1/2-1/2"]
[WhiteElo "2230"]
[BlackElo "2524"]
[PlyCount "78"]
[EventDate "2023.12.28"]
[EventType "swiss"]
[EventRounds "9"]
[EventCountry "ENG"]
[SourceTitle "BritBase"]
[Source "John Saunders"]
[SourceDate "2024.01.08"]
[SourceVersion "1"]
[SourceVersionDate "2024.01.08"]
[SourceQuality "1"]

1. e4 e5 2. Nf3 Nc6 3. Bc4 Bc5 4. c3 Nf6 5. d4 exd4 6. O-O Nxe4 7. cxd4 d5 8.
dxc5 dxc4 9. Qe2 Qd3 10. Re1 f5 11. Nc3 O-O 12. Nxe4 fxe4 13. Qxe4 Bf5 14. Qh4
Qd5 15. Bf4 Bd3 16. Qg3 Rf6 17. Bxc7 Qxc5 18. Ne5 Nxe5 19. Rxe5 Qc6 20. Rg5 Rf7
21. Be5 Qd7 22. h4 Re8 23. Bc3 Bf5 24. Qf4 Bd3 25. Qg3 Rfe7 26. Bf6 h6 27. Bxe7
hxg5 28. Bxg5 Qd4 29. Bd2 Qxb2 30. Re1 Rxe1+ 31. Bxe1 Qa1 32. Qb8+ Kh7 33. Qe8
Qd1 34. f3 Bg6 35. Qe5 Bf7 36. Kh2 Qd5 37. Qxd5 Bxd5 38. Bc3 Be6 39. Kg3 Bf5
1/2-1/2

[Event "Hastings Masters"]
[Site "Hastings"]
[Date "2023.12.31"]
[Round "4.12"]
[White "Sengupta, Deep"]
[Black "Juknis, Paulius"]
[Result "1/2-1/2"]
[WhiteElo "2501"]
[BlackElo "2148"]
[PlyCount "37"]
[EventDate "2023.12.28"]
[EventType "swiss"]
[EventRounds "9"]
[EventCountry "ENG"]
[SourceTitle "BritBase"]
[Source "John Saunders"]
[SourceDate "2024.01.08"]
[SourceVersion "1"]
[SourceVersionDate "2024.01.08"]
[SourceQuality "1"]

1. e4 c5 2. c3 e6 3. d4 d5 4. exd5 exd5 5. Nf3 Nc6 6. Bb5 Bd6 7. dxc5 Bxc5 8.
O-O Nf6 9. Nbd2 O-O 10. Nb3 Bb6 11. Nbd4 Qd6 12. g3 Ne4 13. Be3 Bg4 14. Be2 Qf6
15. Kg2 Rad8 16. h3 Bh5 17. Nxc6 bxc6 18. Bd4 Qd6 19. Bxb6 1/2-1/2

[Event "Hastings Masters"]
[Site "Hastings"]
[Date "2023.12.31"]
[Round "4.13"]
[White "Hobson, Kenneth"]
[Black "Sulskis, Sarunas"]
[Result "0-1"]
[WhiteElo "2130"]
[BlackElo "2490"]
[PlyCount "50"]
[EventDate "2023.12.28"]
[EventType "swiss"]
[EventRounds "9"]
[EventCountry "ENG"]
[SourceTitle "BritBase"]
[Source "John Saunders"]
[SourceDate "2024.01.08"]
[SourceVersion "1"]
[SourceVersionDate "2024.01.08"]
[SourceQuality "1"]

1. e4 e6 2. d4 d5 3. Nc3 Bb4 4. Nge2 Nc6 5. a3 Bxc3+ 6. Nxc3 dxe4 7. Bf4 Nf6 8.
Bb5 O-O 9. Bxc6 bxc6 10. Qd2 Nd5 11. O-O-O Qf6 12. Be5 Qg6 13. h4 f6 14. h5
Qxg2 15. Nxd5 exd5 16. Bxc7 Bg4 17. Rdg1 Qf3 18. Rh4 Bxh5 19. Bd6 g5 20. Bxf8
Rxf8 21. Rf4 Qe2 22. Qb4 e3 23. Rxf6 Rxf6 24. Rxg5+ Bg6 25. Qb8+ Rf8 0-1

[Event "Hastings Masters"]
[Site "Hastings"]
[Date "2023.12.31"]
[Round "4.30"]
[White "Ismail, Mohammed Aayan"]
[Black "Blades, Kit"]
[Result "1/2-1/2"]
[WhiteElo "2115"]
[BlackElo "1771"]
[PlyCount "125"]
[EventDate "2023.12.28"]
[EventType "swiss"]
[EventRounds "9"]
[EventCountry "ENG"]
[SourceTitle "BritBase"]
[Source "John Saunders"]
[SourceDate "2024.01.08"]
[SourceVersion "1"]
[SourceVersionDate "2024.01.08"]
[SourceQuality "1"]

1. c4 e6 2. g3 Nf6 3. Bg2 d5 4. d4 Be7 5. Nf3 O-O 6. O-O dxc4 7. Qa4 a6 8. Qxc4
b5 9. Qc2 Bb7 10. Nbd2 Nbd7 11. b3 c5 12. a4 Qb6 13. Ba3 Rac8 14. Qd3 Rfe8 15.
Rfc1 Bf8 16. a5 Qa7 17. Bb2 Red8 18. e3 Qa8 19. Qe2 cxd4 20. exd4 Bb4 21. Rxc8
Rxc8 22. Nf1 Be4 23. Ne3 Bc3 24. Ne1 Bxg2 25. N1xg2 Bxb2 26. Qxb2 Qc6 27. Rd1
Qc3 28. Qa3 h5 29. h4 Ne4 30. d5 Ne5 31. Qa2 Nf3+ 32. Kh1 Qc2 33. Qxc2 Rxc2 34.
Ne1 Rxf2 35. Nxf3 Rxf3 36. Re1 Rxg3 37. Kh2 Rg6 38. Rd1 exd5 39. Rxd5 Nf2 40.
Nf5 Ng4+ 41. Kh3 Re6 42. Rd8+ Kh7 43. Rd6 Nf2+ 44. Kg2 Ne4 45. Rb6 Nc5 46. Nd4
Re3 47. b4 Ne6 48. Nc6 Nc7 49. Rb7 Nd5 50. Rd7 Re6 51. Nd8 Rg6+ 52. Kf3 Nxb4
53. Nxf7 Rf6+ 54. Ke4 Nc6 55. Ng5+ Kg6 56. Kd5 Nxa5 57. Ne6 Kf5 58. Nxg7+ Kg4
59. Ke5 Rf1 60. Rd4+ Kh3 61. Rd3+ Kg4 62. Rd4+ Kh3 63. Ke4 1/2-1/2

[Event "Hastings Masters"]
[Site "Hastings"]
[Date "2023.12.31"]
[Round "4.47"]
[White "Dewangan, Aayush"]
[Black "Prudent, Sylvio"]
[Result "1-0"]
[WhiteElo "1655"]
[BlackElo "1639"]
[PlyCount "58"]
[EventDate "2023.12.28"]
[EventType "swiss"]
[EventRounds "9"]
[EventCountry "ENG"]
[SourceTitle "BritBase"]
[Source "John Saunders"]
[SourceDate "2024.01.08"]
[SourceVersion "1"]
[SourceVersionDate "2024.01.08"]
[SourceQuality "1"]

1. e4 d6 2. d4 Nf6 3. Nc3 g6 4. Nf3 Bg7 5. Be2 O-O 6. O-O Bg4 7. h3 Bxf3 8.
Bxf3 c6 9. Bf4 Nbd7 10. e5 Ne8 11. Qe2 d5 12. Qd2 Nc7 13. a4 Ne6 14. Bh2 Re8
15. Be2 f6 16. f4 Qb6 17. Rfd1 fxe5 18. fxe5 Nxe5 19. Kh1 Nf7 20. Bg4 Bh6 21.
Qd3 Nf4 22. Qf3 e5 23. a5 Qd8 24. Rf1 e4 25. Qf2 e3 26. Qf3 e2 27. Nxe2 Nxe2
28. Qxf7+ Kh8 29. Bxe2 Bf8 1-0

[Event "Hastings Masters"]
[Site "Hastings"]
[Date "2024.01.01"]
[Round "5.1"]
[White "Zhang, Pengxiang"]
[Black "Laurent-Paoli, Pierre"]
[Result "1-0"]
[WhiteElo "2558"]
[BlackElo "2524"]
[PlyCount "77"]
[EventDate "2023.12.28"]
[EventType "swiss"]
[EventRounds "9"]
[EventCountry "ENG"]
[SourceTitle "BritBase"]
[Source "John Saunders"]
[SourceDate "2024.01.08"]
[SourceVersion "1"]
[SourceVersionDate "2024.01.08"]
[SourceQuality "1"]

1. e4 c5 2. Nf3 e6 3. d4 cxd4 4. Nxd4 Nc6 5. Nc3 Nf6 6. Ndb5 d6 7. Bf4 e5 8.
Bg5 a6 9. Na3 b5 10. Nd5 Be7 11. Bxf6 Bxf6 12. c3 Rb8 13. Nc2 Bg5 14. a4 bxa4
15. Ncb4 Nxb4 16. cxb4 O-O 17. Rxa4 a5 18. h4 Bh6 19. b5 Kh8 20. Be2 Bd7 21.
Qb3 Be6 22. g3 f5 23. O-O f4 24. Qd1 Qd7 25. Rxa5 Qf7 26. Ra3 g5 27. h5 g4 28.
Bxg4 Bxd5 29. exd5 Rxb5 30. Be6 Qg7 31. Qe2 Rb4 32. Rfa1 e4 33. Ra7 Qg5 34. g4
Bg7 35. Ra8 f3 36. Rxf8+ Bxf8 37. Qc2 Qf6 38. Ra7 Rb8 39. Qc7 1-0

[Event "Hastings Masters"]
[Site "Hastings"]
[Date "2024.01.01"]
[Round "5.4"]
[White "Lagarde, Maxime"]
[Black "Derakhshani, Borna"]
[Result "1-0"]
[WhiteElo "2640"]
[BlackElo "2380"]
[PlyCount "73"]
[EventDate "2023.12.28"]
[EventType "swiss"]
[EventRounds "9"]
[EventCountry "ENG"]
[SourceTitle "BritBase"]
[Source "John Saunders"]
[SourceDate "2024.01.08"]
[SourceVersion "1"]
[SourceVersionDate "2024.01.08"]
[SourceQuality "1"]

1. e4 c5 2. Nf3 Nc6 3. Bb5 e6 4. O-O Nge7 5. Re1 Ng6 6. c3 a6 7. Bxc6 bxc6 8.
d4 cxd4 9. cxd4 Be7 10. Nbd2 O-O 11. Nb3 d5 12. e5 a5 13. Be3 Ba6 14. Rc1 Bc4
15. Nbd2 Bb5 16. g3 Qb6 17. h4 Rfc8 18. h5 Nf8 19. h6 g6 20. Nb3 Nd7 21. Nc5
Nxc5 22. dxc5 Qa6 23. Bg5 Bf8 24. Nh2 Rab8 25. Ng4 Rc7 26. Re3 a4 27. Bf6 Rcb7
28. Bg7 Bxg7 29. hxg7 h5 30. Nf6+ Kxg7 31. g4 h4 32. Rh3 Rh8 33. Qd2 Rbb8 34.
Qg5 Qa7 35. Kg2 Bf1+ 36. Rxf1 Qxc5 37. Nd7 1-0

[Event "Hastings Masters"]
[Site "Hastings"]
[Date "2024.01.01"]
[Round "5.5"]
[White "Arkell, Keith C"]
[Black "Gupta, Abhijeet"]
[Result "0-1"]
[WhiteElo "2371"]
[BlackElo "2596"]
[PlyCount "78"]
[EventDate "2023.12.28"]
[EventType "swiss"]
[EventRounds "9"]
[EventCountry "ENG"]
[SourceTitle "BritBase"]
[Source "John Saunders"]
[SourceDate "2024.01.08"]
[SourceVersion "1"]
[SourceVersionDate "2024.01.08"]
[SourceQuality "1"]

1. Nf3 Nf6 2. c4 g6 3. Nc3 Bg7 4. d4 d5 5. cxd5 Nxd5 6. g3 Nb6 7. Bg2 Nc6 8. e3
O-O 9. O-O Re8 10. b3 e5 11. Nxe5 Nxe5 12. dxe5 Bxe5 13. Bb2 Qe7 14. Qe2 c6 15.
Rac1 h5 16. h3 a5 17. Rfd1 Be6 18. Rc2 Bg7 19. Rdd2 a4 20. Nxa4 Nxa4 21. bxa4
Rxa4 22. Bxg7 Kxg7 23. Rb2 Rea8 24. Rdc2 R8a7 25. Qd2 Qf6 26. e4 Qd4 27. Qf4
Rxa2 28. Rxa2 Rxa2 29. Rxa2 Bxa2 30. Qc7 b5 31. Qxc6 b4 32. e5 Qxe5 33. Be4 Be6
34. Qb7 Qc3 35. Bd5 Bxd5 36. Qxd5 b3 37. Kg2 b2 38. Qe4 Qb3 39. Qb1 Qd5+ 0-1

[Event "Hastings Masters"]
[Site "Hastings"]
[Date "2024.01.01"]
[Round "5.6"]
[White "Grutter, Tim"]
[Black "Jacobson, Brandon"]
[Result "0-1"]
[WhiteElo "2342"]
[BlackElo "2538"]
[PlyCount "166"]
[EventDate "2023.12.28"]
[EventType "swiss"]
[EventRounds "9"]
[EventCountry "ENG"]
[SourceTitle "BritBase"]
[Source "John Saunders"]
[SourceDate "2024.01.08"]
[SourceVersion "1"]
[SourceVersionDate "2024.01.08"]
[SourceQuality "1"]

1. e4 e5 2. Nf3 Nc6 3. Nc3 Nf6 4. h3 Bb4 5. Nd5 Bc5 6. c3 O-O 7. d3 a5 8. Bg5
Be7 9. Nxe7+ Qxe7 10. Nh4 Qe6 11. Qf3 Ne8 12. Be2 f6 13. Be3 Ne7 14. O-O d5 15.
Bc5 Nd6 16. Nf5 Nexf5 17. exf5 Qxf5 18. Bxd6 cxd6 19. Qxd5+ Qe6 20. Bf3 Rd8 21.
d4 Qxd5 22. Bxd5+ Kf8 23. Rad1 Ke7 24. Rd2 Rb8 25. f4 exf4 26. Re2+ Kf8 27.
Rxf4 b5 28. Be4 Re8 29. Rff2 h6 30. Bg6 Re6 31. a3 Bd7 32. Rxe6 Bxe6 33. Re2
Bc4 34. Re3 Rc8 35. Kf2 Bf7 36. Bd3 Rb8 37. Re1 g5 38. Rc1 Bc4 39. Ke3 Kf7 40.
Kd2 a4 41. Be4 h5 42. Re1 h4 43. Re3 Rg8 44. Bf5 Bd5 45. Ke1 Rb8 46. Kf2 Rb7
47. g3 hxg3+ 48. Kxg3 Rb8 49. Re1 Bc4 50. Re3 Rh8 51. Bd7 Rd8 52. Bf5 Bd5 53.
Bd3 Bc6 54. c4 bxc4 55. Bxc4+ d5 56. Ba2 Rb8 57. b3 f5 58. Rc3 Bd7 59. bxa4 f4+
60. Kf3 Bxh3 61. Bxd5+ Ke7 62. Ke4 Bg2+ 63. Ke5 Bxd5 64. Kxd5 g4 65. Rc7+ Kf6
66. Ke4 f3 67. Kf4 Rb1 68. Kg3 Rg1+ 69. Kf2 Rg2+ 70. Kf1 g3 71. Rc8 Rf2+ 72.
Kg1 Rg2+ 73. Kf1 Kf5 74. Rf8+ Ke4 75. Re8+ Kd3 76. Rf8 Ke3 77. Re8+ Kd2 78. Rg8
Rf2+ 79. Kg1 Ke2 80. Rxg3 Rf1+ 81. Kh2 f2 82. Rg8 Ra1 83. Re8+ Kd3 0-1

[Event "Hastings Masters"]
[Site "Hastings"]
[Date "2024.01.01"]
[Round "5.7"]
[White "Vestby-Ellingsen, Mads"]
[Black "Ghasi, Ameet K"]
[Result "1/2-1/2"]
[WhiteElo "2329"]
[BlackElo "2509"]
[PlyCount "125"]
[EventDate "2023.12.28"]
[EventType "swiss"]
[EventRounds "9"]
[EventCountry "ENG"]
[SourceTitle "BritBase"]
[Source "John Saunders"]
[SourceDate "2024.01.08"]
[SourceVersion "1"]
[SourceVersionDate "2024.01.08"]
[SourceQuality "1"]

1. d4 Nf6 2. c4 g6 3. Nc3 Bg7 4. e4 d6 5. Nf3 O-O 6. Be2 Nbd7 7. O-O e5 8. Qc2
c6 9. Rd1 Qe7 10. d5 c5 11. g3 Kh8 12. Bg5 h6 13. Bd2 Ng8 14. a3 a5 15. Nb5 a4
16. b4 axb3 17. Qxb3 Ndf6 18. Qc2 Bg4 19. Bc3 Nh5 20. a4 Ngf6 21. a5 Ra6 22.
Ne1 Bc8 23. Ng2 Bh3 24. Rdb1 Rfa8 25. Ne3 Kg8 26. Bf3 Qd7 27. Ra3 Qd8 28. Raa1
Qd7 29. Na3 Bf8 30. Ra2 Qc7 31. Rab2 Bc8 32. Qe2 Qd7 33. Bd2 Be7 34. Ng2 Kh7
35. Qe3 Bf8 36. Nc2 Qh3 37. Qe2 Ng4 38. Bxg4 Bxg4 39. f3 Bc8 40. g4 Nf6 41. Rb3
Kg8 42. Nce1 h5 43. g5 Nh7 44. f4 Qg4 45. Qxg4 hxg4 46. fxe5 dxe5 47. Nd3 Rxa5
48. Bxa5 Rxa5 49. Rb5 Ra3 50. Nxc5 Nxg5 51. Nb3 Nxe4 52. Ra5 Rxa5 53. Nxa5 Bc5+
54. Kh1 Nf2+ 55. Kg1 Ne4+ 56. Kh1 Bf5 57. Rxb7 Nf2+ 58. Kg1 Bd3 59. Rb5 Nh3+
60. Kh1 Nf2+ 61. Kg1 Nh3+ 62. Kh1 Nf2+ 63. Kg1 1/2-1/2

[Event "Hastings Masters"]
[Site "Hastings"]
[Date "2024.01.01"]
[Round "5.8"]
[White "Petrov, Martin"]
[Black "Fischer, Daniel"]
[Result "1/2-1/2"]
[WhiteElo "2501"]
[BlackElo "2341"]
[PlyCount "65"]
[EventDate "2023.12.28"]
[EventType "swiss"]
[EventRounds "9"]
[EventCountry "ENG"]
[SourceTitle "BritBase"]
[Source "John Saunders"]
[SourceDate "2024.01.08"]
[SourceVersion "1"]
[SourceVersionDate "2024.01.08"]
[SourceQuality "1"]

1. e4 e5 2. Nf3 Nc6 3. Bc4 Bc5 4. O-O Nf6 5. d3 d6 6. c3 a6 7. Bg5 h6 8. Bh4
Ba7 9. Nbd2 g5 10. Bg3 Qe7 11. b4 Nd7 12. b5 axb5 13. Bxb5 h5 14. h4 g4 15. Ne1
Nf8 16. Nc2 Bd7 17. Nc4 Ng6 18. N2e3 O-O 19. d4 exd4 20. Nd5 Qd8 21. cxd4 Be6
22. Bxc6 bxc6 23. Nde3 Nxh4 24. Na5 Bd7 25. Rc1 Ng6 26. Nxc6 Bxc6 27. Rxc6 Qe8
28. Rxc7 Qxe4 29. Qc2 Qxc2 30. Rxc2 Bxd4 31. Bxd6 Rfd8 32. Nf5 Bf6 33. Bc7
1/2-1/2

[Event "Hastings Masters"]
[Site "Hastings"]
[Date "2024.01.01"]
[Round "5.9"]
[White "Sulskis, Sarunas"]
[Black "Unuk, Laura"]
[Result "1-0"]
[WhiteElo "2490"]
[BlackElo "2345"]
[PlyCount "80"]
[EventDate "2023.12.28"]
[EventType "swiss"]
[EventRounds "9"]
[EventCountry "ENG"]
[SourceTitle "BritBase"]
[Source "John Saunders"]
[SourceDate "2024.01.08"]
[SourceVersion "1"]
[SourceVersionDate "2024.01.08"]
[SourceQuality "1"]

1. e4 c6 2. d4 d5 3. e5 Bf5 4. h4 h5 5. c4 dxc4 6. Bxc4 e6 7. Nc3 Nd7 8. Nge2
Nb6 9. Bb3 Be7 10. Ng3 Bg6 11. Nce4 Qd7 12. a4 a5 13. O-O Bxh4 14. Nd6+ Kf8 15.
Bc2 Bxc2 16. Qxc2 Nc8 17. Nge4 Nxd6 18. exd6 Nf6 19. Bf4 Nxe4 20. Qxe4 Bd8 21.
Ra3 h4 22. Rc1 Kg8 23. Rc5 Bb6 24. Rc4 Ba7 25. Rb3 f6 26. Qg6 Rf8 27. Rb5 e5
28. dxe5 fxe5 29. Rxe5 Qf7 30. Qxf7+ Rxf7 31. Rxa5 b6 32. Re5 c5 33. Bg5 Rh5
34. Rxh4 Rxh4 35. Bxh4 Rd7 36. Re7 Rxe7 37. Bxe7 Kf7 38. Bd8 Ke6 39. Bc7 c4 40.
Kf1 Kd5 1-0

[Event "Hastings Masters"]
[Site "Hastings"]
[Date "2024.01.01"]
[Round "5.13"]
[White "Edouard, Romain"]
[Black "Villiers, Thomas"]
[Result "1-0"]
[WhiteElo "2527"]
[BlackElo "2230"]
[PlyCount "79"]
[EventDate "2023.12.28"]
[EventType "swiss"]
[EventRounds "9"]
[EventCountry "ENG"]
[SourceTitle "BritBase"]
[Source "John Saunders"]
[SourceDate "2024.01.08"]
[SourceVersion "1"]
[SourceVersionDate "2024.01.08"]
[SourceQuality "1"]

1. e4 c5 2. Nf3 Nc6 3. Bb5 e6 4. O-O Nge7 5. d4 cxd4 6. Nxd4 Qb6 7. Nxc6 bxc6
8. Be2 d5 9. c4 d4 10. Bd3 c5 11. f4 Nc6 12. a3 Be7 13. e5 Bb7 14. Nd2 O-O-O
15. Ne4 f5 16. exf6 gxf6 17. Qe2 Rhg8 18. Bd2 Nb8 19. b4 Nd7 20. Rab1 f5 21.
Ng5 h6 22. Nf3 Qc6 23. b5 Qd6 24. Rbe1 Rg6 25. Bxf5 exf5 26. Qxe7 Be4 27. Rxe4
fxe4 28. Qxe4 Rdg8 29. Nh4 Rg4 30. Nf5 Rxg2+ 31. Kh1 Qf6 32. Ne7+ Qxe7 33. Qxe7
Rxd2 34. Qe6 Rgg2 35. Qc6+ Kd8 36. Qxg2 Rxg2 37. Kxg2 Nb6 38. Rc1 d3 39. Rc3
Nxc4 40. Rxd3+ 1-0